| 000 | 00882nam a2200193 i 4500 | ||
|---|---|---|---|
| 001 | 151465 | ||
| 003 | ES-MaACL | ||
| 005 | 20250626211825.0 | ||
| 008 | 931025s1842 sp |||| | spa d | ||
| 100 | 1 |
_aAmice, Jean-François. _921225 |
|
| 245 | 1 | 0 |
_aManual de la historia de la filosofia / _ctraducido del Manual de filosofía experimental de Mr. Amice, con notas, y aumentado con un apéndice de la filosofía en España y con la parte bibliográfica por Ramón Martí de Eixalá... |
| 260 |
_aBarcelona : _b[s.n.], _c1842 ( _fImp. del Constitucional) |
||
| 300 |
_a225 p. ; _c16 cm. |
||
| 650 | 4 |
_aFilosofía- _vHistoria. _9158248 |
|
| 700 | 1 |
_aMartí de Eixalá, Ramón, _d1807-1857 _977213 |
|
| 852 |
_aES-MaACL _jT-1296-F-4 _z-- Enc. hol., conservando la enc. original _z-- Enc. en un vol. facticio _z.- Donat. Bosch |
||
| 942 | _2udc | ||
| 999 |
_c151465 _d151465 |
||